| 000 | 00971nam a2200277Ia 4500 | ||
|---|---|---|---|
| 003 | OSt | ||
| 005 | 20220923211244.0 | ||
| 006 | a|||||r|||| 00| 0 | ||
| 007 | ta | ||
| 008 | 220922b |||||||| |||| 00| 0 san d | ||
| 020 |
_a9788177024418 (hbk (Set)) _c2495 |
||
| 024 | _a348,081 | ||
| 037 |
_b238, 16/01/2019, Eastern Book Linkers _cTextual |
||
| 040 |
_aARTS _cARTS _bsan |
||
| 041 |
_2san _asan |
||
| 082 | _aQ1:24x, 152Q8.1 | ||
| 100 |
_aविद्यालंकार, सुभाष, ले. _9160064 |
||
| 245 | 0 | _aयोग उपनिषदः | |
| 246 | _aYog upaniṣhadah | ||
| 260 |
_aदिल्ली _b प्रतिभा प्रकाशन _c2018 |
||
| 490 | _vभाग 1 | ||
| 650 | _a उपनिषद् | ||
| 650 | _aधर्म | ||
| 942 |
_hQ1:24x, 152Q8.1 _cTEXL _2CC |
||
| 999 |
_c297749 _d297749 |
||